01349nab a22002657a 4500999001500000003000400015005001700019008004100036040000700077100002800084245011100112260007300223300001500296500003600311505028100347505008200628650002300710650004200733650003700775650003800812650004600850651002000896773015400916942001301070 c5574d5574OSt20251219084256.0190429b xxu||||| |||| 00| 0 spa d cPJ 96551aMorabito, Rodrigo10aUna aproximación al análisis del delito juvenil en la justicia penal adolescente / cRodrigo Morabito. cCiudad Autónoma de Buenos Aires :aThomson Reuters La Ley, b2025. ap. 149-152 aCita: TR LALEY AR/DOC/724/2025. aSumario: I. La provincia de Catamarca como punto de partida del análisis.— II. Las estadísticas en el NOA.— III. El delito juvenil o adolescente en el país. Casos y casos.— IV. A modo de conclusión una pregunta final: ¿puede prevenirse el delito penal juvenil?. tSi te interesa el texto completo, solicitalo a koha@justierradelfuego.gov.ar  09343aDERECHO PENAL 092730aRÉGIMEN PENAL DE LA MINORIDAD 09344aDELITOS CONTRA LA PROPIEDAD 092682aDELITOS CONTRA LAS PERSONAS 092902aDELITOS CONTRA LA INTEGRIDAD SEXUAL 092705aCATAMARCA0 0265893164tRevista de derecho penal y criminología. Nº 4 - Mayo 2025dCiudad Autónoma de Buenos Aires : Thomson Reuters La Ley, 2017-x00347914 2udccANA